| 000 | 00520nam a2200181Ia 4500 | ||
|---|---|---|---|
| 999 |
_c14338 _d14338 |
||
| 003 | OSt | ||
| 005 | 20201020114949.0 | ||
| 008 | 190216s9999||||xx |||||||||||||| ||und|| | ||
| 020 | _a9780143334965 | ||
| 040 | _coclc | ||
| 082 |
_a133.53 _bVIS/S |
||
| 100 |
_aViswanath, Shobha _95974 |
||
| 245 | 2 |
_aA Skyful Of Stories / _cShobha Viswanath |
|
| 260 |
_bPuffin Books , _aNew Delhi: _c2005. |
||
| 300 | _a130 | ||
| 650 | _aEnglish Short Stories | ||
| 942 |
_cBK _2ddc _h133.53 _iVIS/S _k133.53 _mVIS/S |
||